LEADER 00861nam0-22002771i-450- 001 990005388140403321 005 19990530 035 $a000538814 035 $aFED01000538814 035 $a(Aleph)000538814FED01 035 $a000538814 100 $a19990530d1975----km-y0itay50------ba 101 0 $aita 105 $af-------00--- 200 1 $a<>chiese del Monte S. Angelo a Pozzuoli$eStoria, architettura e documenti inediti, Angelo D'Ambrosio$fRaffaele Giamminelli 210 $aPozzuoli$cs.e.$d1975 215 $a61 p., 21 tav.$d25 cm 700 1$aD'Ambrosio,$bAngelo$f<1929-2008>$036357 702 1$aGiamminelli,$bRaffaele 801 0$aIT$bUNINA$gRICA$2UNIMARC 901 $aBK 912 $a990005388140403321 952 $aIc 55 8$bARCH. 17506$fFLFBC 959 $aFLFBC 996 $aChiese del Monte S. Angelo a Pozzuoli$9558176 997 $aUNINA LEADER 01195nam2-22003131i-450 001 990006987110403321 005 20190130120209.0 035 $a000698711 035 $aFED01000698711 035 $a(Aleph)000698711FED01 035 $a000698711 100 $a20011030d1967----km-y0itay50------ba 101 0 $ager 102 $aDE 105 $ay-------001yy 200 1 $a<<4.: >>Schriften zur reinen Philosophie. 4, Selbstrezensionen der neuen (oder anthropologischen) Kritik der Vernunft von 1808 und 1829$aNeue Oder Anthropologische Kritik der Vernunft (Band 1)$fJacob Friedrich Fries 210 $aAalen$cScientia$d1967 215 $a479 p.$d24 cm 461 1$1001000698672$12001$aSämtliche Schriften$v04 676 $a141$v20$zita 700 1$aFries,$bJakob Friedrich$f< 1773-1843>$0160692 801 0$aIT$bUNINA$gRICA$2UNIMARC 901 $aBK 912 $a990006987110403321 952 $aXI FRIES 1 (4)$b85655$fFGBC 959 $aFGBC 996 $aNeue Oder Anthropologische Kritik der Vernunft (Band 1$9701164 996 $aSchriften zur reinen Philosophie. 4, Selbstrezensionen der neuen (oder anthropologischen) Kritik der Vernunft von 1808 und 1829$91544872 997 $aUNINA LEADER 02207oam 2200577M 450 001 9910715728503321 005 20191123063220.1 035 $a(CKB)5470000002514792 035 $a(OCoLC)1065969306 035 $a(OCoLC)995470000002514792 035 $a(EXLCZ)995470000002514792 100 $a20070221d1852 ua 0 101 0 $aeng 135 $aurcn||||||||| 181 $ctxt$2rdacontent 182 $cc$2rdamedia 183 $acr$2rdacarrier 200 10$aIsland of Cuba. Message from the President of the United States, in reference to the island of Cuba. August 31, 1852. -- Laid upon the table, and ordered to be printed 210 1$a[Washington, D.C.] :$c[publisher not identified],$d1852. 215 $a1 online resource (59 pages) 225 1 $aEx. doc. / 32nd Congress, 1st session. House ;$vno. 121 225 1 $a[United States congressional serial set ] ;$v[serial no. 648] 300 $aBatch processed record: Metadata reviewed, not verified. Some fields updated by batch processes. 300 $aFDLP item number not assigned. 606 $aAnnexation (International law) 606 $aConfidential communications 606 $aDiplomacy 606 $aDiplomatic documents 606 $aInternational relations 606 $aImperialism 606 $aTerritories and possessions 607 $aSpain$xTerritories and possessions 608 $aLegislative materials.$2lcgft 615 0$aAnnexation (International law) 615 0$aConfidential communications. 615 0$aDiplomacy. 615 0$aDiplomatic documents. 615 0$aInternational relations. 615 0$aImperialism. 615 0$aTerritories and possessions. 701 $aFillmore$b Millard$f1800-1874.$01391306 712 02$aUnited States.$bPresident (1850-1853 : Fillmore) 712 02$aUnited States.$bDepartment of State. 801 0$bWYU 801 1$bWYU 801 2$bOCLCO 801 2$bOCLCQ 906 $aBOOK 912 $a9910715728503321 996 $aIsland of Cuba. Message from the President of the United States, in reference to the island of Cuba. August 31, 1852. -- Laid upon the table, and ordered to be printed$93541216 997 $aUNINA